00861nam a22002417a 450000500170000001000130001702000220003003500130005203700160006504000120008108200150009324500650010826000480017327000430022130000250026450000410028965000390033065000390036970000250040894200240043399900190045795201430047620170124110022.0 aA-351831 c00.00a8121001994 aA-351831 bCen Lib/Ret aDPLbEN a305.4bDEV aDevelopment of women and children /cedited by K.L. Bhowmik  aNew Delhi bInter india Publications c1985 aD-17, raja garden bNew Delhi e110015 axvi, 159p.c21cm(Hb) aIncludes bibliographical references  aWomenz xSocial conditions920035 aChildrenxSocial conditions920036 aBhowmik, K.L.920022 2ddccENh305.4mDEV c127285d127285 04104070aLbLd2015-06-29eCen Lib/Retg0.00l0o305.4 DEVpA-351831r2015-06-29 00:00:00t1v0.00w2015-06-29yENzW/d list no. 6842/4